Использование экстракционных каскадов для переработки урановых концентратов; Современные техника и технологии; Т. 2
| Parent link: | Современные техника и технологии: сборник трудов XVI Международной научно-практической конференции студентов, аспирантов и молодых ученых, Томск, 12-16 апреля 2010 г/ Национальный исследовательский Томский политехнический университет (ТПУ).— , 2010 Т. 2.— 2010.— [С. 367-369] |
|---|---|
| 1. Verfasser: | |
| Weitere Verfasser: | , , |
| Zusammenfassung: | Заглавие с титульного листа Электронная версия печатной публикации |
| Sprache: | Russisch |
| Veröffentlicht: |
2010
|
| Schlagworte: | |
| Online-Zugang: | http://www.lib.tpu.ru/fulltext/c/2010/C01/V2/156.pdf |
| Format: | Elektronisch Buchkapitel |
| KOHA link: | https://koha.lib.tpu.ru/cgi-bin/koha/opac-detail.pl?biblionumber=233614 |
MARC
| LEADER | 00000naa2a2200000 4500 | ||
|---|---|---|---|
| 001 | 233614 | ||
| 005 | 20251223163350.0 | ||
| 035 | |a (RuTPU)RU\TPU\book\254693 | ||
| 035 | |a RU\TPU\book\254690 | ||
| 090 | |a 233614 | ||
| 100 | |a 20130306d2010 k y0rusy50 ca | ||
| 101 | 0 | |a rus | |
| 102 | |a RU | ||
| 135 | |a drnn ---uucaa | ||
| 181 | 0 | |a i | |
| 182 | 0 | |a b | |
| 200 | 1 | |a Использование экстракционных каскадов для переработки урановых концентратов |f С. С. Михалевич, Д. Г. Рогозный, Ш. П. Самусенко |g науч. рук. Ю. А. Чурсин | |
| 203 | |a Текст |c электронный | ||
| 215 | |a 1 файл (205 Кб) | ||
| 300 | |a Заглавие с титульного листа | ||
| 300 | |a Электронная версия печатной публикации | ||
| 337 | |a Adobe Reader | ||
| 461 | 0 | |0 (RuTPU)RU\TPU\book\245271 |t Современные техника и технологии |o сборник трудов XVI Международной научно-практической конференции студентов, аспирантов и молодых ученых, Томск, 12-16 апреля 2010 г |o в 3 т. |f Национальный исследовательский Томский политехнический университет (ТПУ) |d 2010 | |
| 463 | 0 | |0 (RuTPU)RU\TPU\book\250479 |t Т. 2 |v [С. 367-369] |d 2010 | |
| 610 | 1 | |a электронный ресурс | |
| 610 | 1 | |a труды учёных ТПУ | |
| 610 | 1 | |a урановые концентраты | |
| 610 | 1 | |a экстракция | |
| 610 | 1 | |a каскады | |
| 610 | 1 | |a переработка | |
| 610 | 1 | |a экстракционные установки | |
| 610 | 1 | |a облученное ядерное топливо | |
| 610 | 1 | |a структурные схемы | |
| 610 | 1 | |a технологические схемы | |
| 610 | 1 | |a информационные схемы | |
| 700 | 1 | |a Михалевич |b С. С. |c специалист в области автоматического управления |c инженер-проектировщик Томского политехнического университета |f 1988- |g Сергей Сергеевич |3 (RuTPU)RU\TPU\pers\30350 | |
| 701 | 1 | |a Рогозный |b Д. Г. | |
| 701 | 1 | |a Самусенко |b Ш. П. | |
| 702 | 1 | |a Чурсин |b Ю. А. |4 727 | |
| 801 | 1 | |a RU |b 63413507 |c 20130213 | |
| 801 | 2 | |a RU |b 63413507 |c 20130521 |g RCR | |
| 856 | 4 | |u http://www.lib.tpu.ru/fulltext/c/2010/C01/V2/156.pdf | |
| 942 | |c CF | ||